000 00422nam a2200157Ia 4500
005 20240606020420.0
008 240331s9999 xx 000 0 und d
020 _a9559062913
082 _bBUL
_a340
100 _aBulankulame, I
245 4 _aThe debates on truth commissions :
_ba retrospective healing process
260 _aColombo
_bLaw and Society Trust
_c2004
300 _a34 p.,
650 _aPolitics
942 _cL
999 _c2792
_d2792